Junius. : Stat nominis umbra /

Bibliographic Details
Main Author: Junius, active 18th century
Format: Book
Language:English
Published: New York : Research Reprints, [1970]
Subjects:

MARC

Tag First Indicator Second Indicator Subfields
LEADER 00000cam a2200000 4500
001 in00000304921
005 20151010100311.0
008 700717s1970 nyu 00010 eng
010 |a  74124793  
035 |a (OCoLC)00085834 
035 |9 ABH1450AM 
040 |a DLC  |c DLC  |d TXA  |d UtOrBLW 
043 |a e-uk--- 
049 |a TXAM  |v 1 [534164]  |v 2 [534165] 
050 0 0 |a DA508  |b .A2 1970 
082 0 |a 320.9/42 
100 0 |a Junius,  |d active 18th century. 
245 1 0 |a Junius. :  |b Stat nominis umbra /  |c London, Printed for H. S. Woodfall, 1772. 
264 1 |a New York :  |b Research Reprints,  |c [1970] 
300 |a 2 volumes ;  |c 21 cm. 
336 |a text  |b txt  |2 rdacontent 
337 |a unmediated  |b n  |2 rdamedia 
338 |a volume  |b nc  |2 rdacarrier 
651 0 |a Great Britain  |x Politics and government  |y 1760-1820. 
740 0 |a Stat nominis umbra. 
999 |a MARS 
999 f f |s e6472ee4-7e10-33b9-95b7-0ab1e0c10629  |i 7b30ea2d-e941-3af8-b4be-d5a91838ab26  |t 0 
952 f f |p normal  |a Texas A&M University  |b College Station  |c Sterling C. Evans Library  |d Evans: Library Stacks  |t 0  |e DA508 .A2 1970  |h Library of Congress classification  |i unmediated -- volume  |m A14801928800 
952 f f |p normal  |a Texas A&M University  |b College Station  |c Sterling C. Evans Library  |d Evans: Library Stacks  |t 0  |e DA508 .A2 1970  |h Library of Congress classification  |i unmediated -- volume  |m A14801928795 
998 f f |a DA508 .A2 1970  |t 0  |l Evans: Library Stacks 
998 f f |a DA508 .A2 1970  |t 0  |l Evans: Library Stacks